| 000 | 00813nam a22002537a 4500 | ||
|---|---|---|---|
| 003 | PE SENCICO BE | ||
| 005 | 20251020182624.0 | ||
| 008 | 230104b |||||||| |||| 00| 0 eng d | ||
| 020 | _a978-3-8365-6690-2 | ||
| 040 |
_aPE SENCICO BE _cPE SENCICO BE |
||
| 041 | _aspa | ||
| 082 |
_a720.915 _bL |
||
| 245 | 1 | _aLiving in Bali | |
| 260 |
_aKoln: _bTaschen, Biblioteca Universalis, _c2018 |
||
| 300 |
_a458, [14] p. _bil., lams. col.; _c20 cm. |
||
| 650 | 1 | 4 |
_949 _aArquitectura _zIndonesia |
| 650 | 2 | 4 |
_977 _aViviendas _zIndonesia |
| 650 | 2 | 4 |
_9280 _aArquitectura sostenible _zIndonesia |
| 650 | 2 | 0 |
_9327 _aConstrucciones de madera _zIndonesia |
| 700 | 1 |
_9395 _aGuntli, Reto _efotógrafo |
|
| 700 | 1 |
_9394 _aTaschen, Angelika _eeditor |
|
| 910 |
_bhfp _chfp |
||
| 942 |
_2ddc _cLIB _h720.915 _iL |
||
| 999 |
_c3744 _d3744 |
||